Foreign policy posture in post-apartheid South Africa : consistencies and ambiguities /

Bibliographic Details
Other Authors: Mngomezulu, Bhekithemba R. (Editor)
Format: Book
Language:English
Published: Newcastle upon Tyne, UK : Cambridge Scholars Publisher, [2020]
Subjects:

MARC

Tag First Indicator Second Indicator Subfields
LEADER 00000cam a2200000Ii 4500
001 in00004087321
005 20200729071813.0
008 191006t20202020enkc b 001 0 eng d
020 |a 152754091X  |q hardcover 
020 |a 9781527540910  |q hardcover 
035 |a (OCoLC)on1122458078 
040 |a YDX  |e rda  |c YDX  |d COO  |d BWK  |d UtOrBLW 
043 |a f-sa--- 
049 |a TXAM 
050 4 |a DT1971  |b .F67 2020 
082 0 |a 327.68  |2 23 
245 0 0 |a Foreign policy posture in post-apartheid South Africa :  |b consistencies and ambiguities /  |c edited by Bhekithemba R. Mngomezulu. 
264 1 |a Newcastle upon Tyne, UK :  |b Cambridge Scholars Publisher,  |c [2020] 
264 4 |c ©2020 
300 |a xiii, 269 pages :  |b portraits ;  |c 22 cm. 
336 |a text  |b txt  |2 rdacontent 
337 |a unmediated  |b n  |2 rdamedia 
338 |a volume  |b nc  |2 rdacarrier 
504 |a Includes bibliographical references and index. 
651 0 |a South Africa  |x Foreign relations  |y 1994-  |0 http://id.loc.gov/authorities/subjects/sh97006445 
700 1 |a Mngomezulu, Bhekithemba R.,  |e editor. 
945 |b 393890 
947 |a A14850779993 
948 |a cataloged  |b h  |c 2020/6/3  |d c  |e dmitchel  |f 3:50:30 pm 
994 |a 92  |b TXA 
999 f f |s af3c4f63-ebcc-31e7-aa7b-2b6a0eb62c42  |i 564fbeae-640a-3961-ba57-55fe9f9533ba  |t 0 
952 f f |p normal  |a Texas A&M University  |b College Station  |c Sterling C. Evans Library  |d Evans: Library Stacks  |t 0  |e DT1971 .F67 2020  |h Library of Congress classification  |i unmediated -- volume  |m A14850779993 
998 f f |a DT1971 .F67 2020  |t 0  |l Evans: Library Stacks